| 000 | 00959nam a2200265 a 4500 | ||
|---|---|---|---|
| 003 | DO-SdBNP | ||
| 005 | 20220923090917.0 | ||
| 007 | ta | ||
| 008 | 220922n200? dr ao||gr|||| 00| 0 spa d | ||
| 040 |
_aDO-SdBNP _bspa _cBNPHU |
||
| 082 | 4 |
_222 _bB891h |
|
| 110 | 1 |
_922081 _aBrugal & Co |
|
| 245 | 1 | 0 |
_aBrugal: _bhistoria y proyección de un grupo empresarial = history and projection of a business group. / _cPresentación, George Arzeno Brugal |
| 246 | 1 | 1 |
_aBrugal: _b history and projection of a business group. |
| 260 |
_a[Santo Domingo] : _b[Brugal], _c[200?] |
||
| 300 |
_a[32] p. : _bil., fotogr. _c29 cm. |
||
| 546 | _aRecurso en español e inglés. | ||
| 590 | _aInventariado 2022 / MF | ||
| 650 | 4 |
_927549 _aBebidas Alcoholica _xHistoria _zRepública Dominicana |
|
| 650 | 4 |
_958861 _aRon _ySiglo XX _zRepública Dominicana |
|
| 700 |
_953763 _aBrugal, George Arzeno _epresent. |
||
| 710 | 2 |
_922081 _aBrugal & Co |
|
| 910 | _aMFeliz | ||
| 942 |
_2ddc _cLF2 |
||
| 999 |
_c52448 _d52448 |
||